00277nam a2200097Ia 4500008004100000040002900041050002400070100001800094245002400112260004300136230105s9999||||xx |||||||||||||| ||und|| cChuka University Library aLB 1027.55bS8 1972 aSuczek, R. F. 4aThe best land plans aJossey - Bass PubbSan Franciscoc1972